Corrosion and encrustation in water wells : a field guide for assessment, prediction and control /

Bibliographic Details
Main Author: Clarke, Frank Eldridge, 1913-
Format: Book
Language:English
Published: Rome : Food and Agriculture Organization of the United Nations, 1980.
Series:FAO irrigation and drainage paper ; 34.
Subjects:

MARC

Tag First Indicator Second Indicator Subfields
LEADER 00000cam a2200000 a 4500
001 in00000077295
005 20151008060620.0
008 810226s1980 it a b 00010 eng d
020 |a 9251009333 
035 |a (OCoLC)07160253 
035 |9 AAJ6164AM 
040 |a NWA  |c NWA  |d TXA  |d UtOrBLW 
049 |a TXAM  |c [1633102] 
090 |a TD407  |b .C52 
100 1 |a Clarke, Frank Eldridge,  |d 1913- 
245 1 0 |a Corrosion and encrustation in water wells :  |b a field guide for assessment, prediction and control /  |c by Frank E. Clarke. 
264 1 |a Rome :  |b Food and Agriculture Organization of the United Nations,  |c 1980. 
300 |a xiii, 95 pages :  |b illustrations ;  |c 28 cm. 
336 |a text  |b txt  |2 rdacontent 
337 |a unmediated  |b n  |2 rdamedia 
338 |a volume  |b nc  |2 rdacarrier 
490 1 |a FAO irrigation and drainage paper ;  |v 34 
504 |a Bibliography: pages 94-95. 
650 0 |a Wells. 
650 0 |a Corrosion and anti-corrosives. 
650 0 |a Water quality  |x Measurement. 
830 0 |a FAO irrigation and drainage paper ;  |v 34. 
999 |a MARS 
999 f f |s f78dacad-4c48-32a3-9622-d360ef9c31cd  |i 032016b5-b85b-37ae-a74d-1dfc6cb07b49  |t 0 
952 f f |p ric  |a Texas A&M University  |b Rellis Campus  |c Joint Library Facility  |d Remote Storage  |t 0  |e TD407 .C52  |h Library of Congress classification  |i unmediated -- volume  |m A14806245053 
998 f f |a TD407 .C52  |t 0  |l Remote Storage